Élimination Par Catégorie - Statistiques

Statistiques générales
  • Ce quiz a été pris 484 fois
  • Le résultat moyen est 3 sur 5
Statistiques - réponses
Hint Réponse % Correct
Plus grand que l'Autriche Portugal
78%
Pays d'une superficie de moi de 100 000km² Corée du Sud, Hongrie, Portugal, Guyane Française, Jordanie, Azerbaïdjan, Autriche, Émirats arabes unis, République tchèque, Serbie, Panama, Sierra Leone, Irlande, Géorgie, Sri Lanka, Lituanie, Lettonie, Togo, Croatie, Bosnie-Herzégovine, Costa Rica, Slovaquie, Dominicaine république, Estonie, Danemark, Pays-Bas, Suisse, Boutan, Taiwan, Moldavie, Belgique, Lesotho, Arménie, Albanie, Guinée équatoriale, Burundi, Haiti, Macédoine, Djibouti, El Salvador, Israel, Slovénie, Fidji, Koweit, Eswatini, Montenegro, Porto Rico, Qatar, Gambie, Jamaique, Kosovo, Chypre, Liban, Palestine, Luxembourg, Andorre, Monaco, Liechtenstein, Saint-Marin, Vatican
59%
Plus grand que la Suisse Corée du Sud, Hongrie, Portugal, Guyane Française, Jordanie, Azerbaïdjan, Autriche, Émirats arabes unis, République tchèque, Serbie, Panama, Sierra Leone, Irlande, Géorgie, Sri Lanka, Lituanie, Lettonie, Togo, Croatie, Bosnie-Herzégovine, Costa Rica, Slovaquie, Dominicaine république, Estonie, Danemark, Pays-Bas
39%
En Europe Hongrie, Portugal, Autriche, République tchèque, Serbie, Irlande, Lituanie, Lettonie, Croatie, Bosnie-Herzégovine, Slovaquie, Estonie, Danemark, Pays-Bas
38%
Qui a un "A" dans son nom Portugal, Autriche, Irlande, Lituanie, Croatie, Slovaquie, Danemark, Pays-Bas
38%
Aucun quiz correspondant
Distribution des résultats
% des personnes avec chaque résultat
Percentile par nombre de réponses
Votre historique - résultats
Vous n’avez pas pris ce quiz